000 01186naa a22003137a 4500
001 BR7405379
003 BR-BrBNA
005 20240918173614.0
007 ta
008 230509b bl.||||| |||| 00| 0 por d
040 _aBR-BrBNA
_bpor
_cBiblioteca Nacional de Agricultura
041 _a(Pt)
072 _aL50
_b5240
090 _aL50 BR7405379
100 1 _aLobao, A.O.
100 1 _aCrocomo, O.J.
111 1 _a11. Reuniao da Sociedade Brasileira de Zootecnia
_cFortaleza, CE (Brazil)
_d22 Jul 1974
245 1 _aRetencao de fosforo radioativo 32 p em tecidos de ovinos [Disturbio animal]
260 3 _aFortaleza, CE (Brasil):
_bUniversidade Federal do Ceara,
_c1974.
500 _aAnais da 11. Reuniao da Sociedade Brasileira de Zootecnia Fortaleza, CE (Brasil): Universidade Federal do Ceara, 1974. p. 59-60 (BR7405379-AM)L50
650 _aBioquimica animal
650 _aOvino
650 _aFosforo radioativo
650 _aAnalise quimica
650 _aTecido animal
773 0 _tAnais da 11. Reuniao da Sociedade Brasileira de Zootecnia
_wL50 BR7405379
_gFortaleza, CE (Brasil), 1974. p. 59-60
909 _a202404
_bLucia
_c55
_dLucia Elande
942 _cAM
_2AGRIS
999 _c305715
_d305715